लागत लेखांकन / (Record no. 120174)
[ view plain ]
| 000 -LEADER | |
|---|---|
| fixed length control field | 01019nam a22002537a 4500 |
| 005 - DATE AND TIME OF LATEST TRANSACTION | |
| control field | 20170124103154.0 |
| 010 ## - LIBRARY OF CONGRESS CONTROL NUMBER | |
| LC control number | B-178047 |
| 020 ## - INTERNATIONAL STANDARD BOOK NUMBER | |
| Terms of availability | 00.00 |
| International Standard Book Number | 8190274120 |
| 035 ## - SYSTEM CONTROL NUMBER | |
| System control number | B-178047 |
| 037 ## - SOURCE OF ACQUISITION | |
| Source of stock number/acquisition | Cen Lib/Ret |
| 040 ## - CATALOGING SOURCE | |
| Original cataloging agency | DPL |
| Language of cataloging | HN |
| 082 ## - DEWEY DECIMAL CLASSIFICATION NUMBER | |
| Classification number | 657.42 |
| Item number | कोलील |
| 100 ## - MAIN ENTRY--PERSONAL NAME | |
| Personal name | कोली, लक्ष्मीनारायण |
| 9 (RLIN) | 45269 |
| 245 ## - TITLE STATEMENT | |
| Title | लागत लेखांकन / |
| Statement of responsibility, etc | लक्ष्मीनारायण कोली |
| 246 ## - VARYING FORM OF TITLE | |
| Title proper/short title | Lagat lekhankan / |
| Remainder of title | byLakshminarayan Koli |
| 260 ## - PUBLICATION, DISTRIBUTION, ETC. (IMPRINT) | |
| Place of publication, distribution, etc | आगरा |
| Name of publisher, distributor, etc | वाई.के. पब्लिशेर्स |
| Date of publication, distribution, etc | 2005 |
| 270 ## - ADDRESS | |
| City | आगरा |
| Address | ब्लोक, 77, संजय प्लेस |
| Postal code | 2 |
| 300 ## - PHYSICAL DESCRIPTION | |
| Extent | 159पृ. |
| Dimensions | 20सेमी(सजिल्द ) |
| 650 ## - SUBJECT ADDED ENTRY--TOPICAL TERM | |
| Topical term or geographic name as entry element | लागत लेखांकन |
| General subdivision | |
| Geographic subdivision | |
| 9 (RLIN) | 59924 |
| 650 ## - SUBJECT ADDED ENTRY--TOPICAL TERM | |
| Topical term or geographic name as entry element | इकाई लागत विधि |
| 9 (RLIN) | 88995 |
| 650 ## - SUBJECT ADDED ENTRY--TOPICAL TERM | |
| Topical term or geographic name as entry element | cost accounting |
| 9 (RLIN) | 88996 |
| 650 ## - SUBJECT ADDED ENTRY--TOPICAL TERM | |
| Topical term or geographic name as entry element | Unit costing |
| 9 (RLIN) | 88997 |
| 942 ## - ADDED ENTRY ELEMENTS (KOHA) | |
| Source of classification or shelving scheme | Dewey Decimal Classification |
| Koha item type | Hindi Books |
| Classification part | 6507.42 |
| Call number suffix | कोलील |
| Withdrawn status | Lost status | Damaged status | Not for loan | Home library | Current library | Date acquired | Source of acquisition | Cost, normal purchase price | Total Checkouts | Total Renewals | Full call number | Barcode | Date last seen | Date checked out | Copy number | Cost, replacement price | Price effective from | Koha item type |
|---|---|---|---|---|---|---|---|---|---|---|---|---|---|---|---|---|---|---|
| Central Library | Central Library | 21/09/2015 | Cen Lib/Ref | 0.00 | 1 | 1 | 657.42 कोलील | B-178047 | 13/05/2019 | 15/04/2019 | 1 | 0.00 | 21/09/2015 | Hindi Books |
